000 00426nam a2200181Ia 4500
001 4555
005 20260306145804.0
008 260306t1998||||xx |||||||||||||| ||spa||
041 _aESP
082 _a324.63
_bN75
100 _aNohlen, Dieter
_eAUT
245 0 _aSistemas electorales y partidos políticos
260 _c1998
300 _a471 páginas :
_c
650 _aGEN
654 _aCDE
942 _cLIB
_dJUS
_fJUS
_2ddc
_n
999 _c4555
_d4555